| 000 | 00828cad a2200145 4500 | ||
|---|---|---|---|
| 001 | WS122890 | ||
| 008 | 030702n 000 0 eng u | ||
| 035 | _a(Sirsi) u122890 | ||
| 110 |
_aConstruction Skills _95689 |
||
| 245 |
_aConstruction Skills _h[electronic resource] |
||
| 520 | _aWeb site for this organisation which provides assistance in all aspects of recruiting, training and qualifying for the construction workforce. Includes details of their registration and certification schemes, an outline of the manual of approved cards, details of careers in construction, a description of their work on health and safety and details of courses offered by the National Construction College. | ||
| 690 | _aBUILT ENVIRONMENT | ||
| 856 | 4 | 0 |
_uhttps://www.cskills.org/ _zView the website free of charge at www.cskills.org |
| 942 | _n0 | ||
| 999 |
_c120301 _d120301 |
||